000 nam a22 4500
999 _c18115
_d18115
008 161202b xxu||||| |||| 00| 0 eng d
020 _a9780538737531
020 _a0538737530
050 _aGB 5014 .H96 2011
100 _aHyndman, Donald
_d2011
245 _aNatural hazards and disasters/
260 _aBelmont, CA :
_bBrooks/Cole,
_c2011
300 _axx, 570p. :
_bill. (chiefly col.) ;
_c28 cm.
500 _aInclude sindex.
650 _aNatural disasters.
650 _aEmergency management.
650 _aEnvironmental risk management.
700 _aHyndaman, David
942 _2lcc
_cBOOKS
_hGB 5014 .H96 2011